[Event "Cellavision Cup 2019"]
[Site "Lund"]
[Date "2019.08.03"]
[Round "6.7"]
[White "Kristiansen, Jens"]
[Black "Silseth, Simon"]
[Result "1/2-1/2"]
[WhiteElo "2400"]
[BlackElo "2264"]
[Annotator "NA"]
[PlyCount "119"]
[EventDate "2019.08.02"]
[EventType "swiss"]
[EventCountry "SWE"]
[SourceTitle "playchess.com"]
[Source "ChessBase"]
[SourceQuality "1"]
[TimeControl "5400+30"]

1. d4 {[%emt 0:00:00]} d5 {[%emt 0:00:01]} 2. c4 {[%emt 0:00:00]} e6 {[%emt 0:00:31]} 3. Nc3 {[%emt 0:00:00]} Nf6 {[%emt 0:00:20]} 4. cxd5 {[%emt 0:00:32]} exd5 {[%emt 0:00:25]} 5. Bg5 {[%emt 0:00:10]} c6 {[%emt 0:00:37]} 6. e3 {[%emt 0:00:17]} Be7 {[%emt 0:01:22]} 7. Bd3 {[%emt 0:00:25]} Nbd7 {[%emt 0:04:17]} 8. Nge2 {[%emt 0:01:02]} O-O {[%emt 0:02:49]} 9. Qc2 {[%emt 0:00:34]} Re8 {[%emt 0:02:04]} 10. O-O {[%emt 0:00:46]} Nf8 {[%emt 0:02:43]} 11. f3 {[%emt 0:11:27]} g6 {[%emt 0:14:55]} 12. Kh1 {[%emt 0:06:29]} Ne6 {[%emt 0:04:21]} 13. Bh4 {[%emt 0:01:51]} Nh5 {[%emt 0:08:41]} 14. Bxe7 {[%emt 0:08:46]} Rxe7 {[%emt 0:01:00]} 15. Rad1 {[%emt 0:04:40]} Bd7 {[%emt 0:06:29]} 16. Qc1 {[%emt 0:03:59]} b5 {[%emt 0:07:58]} 17. a3 {[%emt 0:03:59]} a5 {[%emt 0:00:31]} 18. e4 {[%emt 0:01:29]} Nc7 {[%emt 0:02:29]} 19. e5 {[%emt 0:04:36]} f5 {[%emt 0:01:55]} 20. exf6 {[%emt 0:06:09]} Nxf6 {[%emt 0:00:17]} 21. Ng3 {[%emt 0:01:32]} Nce8 {[%emt 0:04:48]} 22. f4 {[%emt 0:06:12]} Rg7 {[%emt 0:00:25]} 23. f5 {[%emt 0:02:29]} g5 {[%emt 0:00:08]} 24. Qe3 {[%emt 0:02:48]} h5 {[%emt 0:03:25]} 25. h3 {[%emt 0:03:19]} h4 {[%emt 0:00:36]} 26. Nge2 {[%emt 0:00:17]} Nd6 {[%emt 0:00:53]} 27. g4 {[%emt 0:01:27]} b4 {[%emt 0:02:01]} 28. Na4 {[%emt 0:02:23]} Qe7 {[%emt 0:02:30]} 29. Qxe7 {[%emt 0:03:37]} Rxe7 {[%emt 0:00:07]} 30. Nc5 {[%emt 0:00:25]} Rae8 {[%emt 0:01:02]} 31. Ng1 {[%emt 0:01:10]} Nde4 {[%emt 0:01:43]} 32. Bxe4 {[%emt 0:00:28]} Nxe4 {[%emt 0:01:21]} 33. Nxe4 {[%emt 0:00:18]} dxe4 {[%emt 0:00:06]} 34. Rc1 {[%emt 0:02:49]} bxa3 {[%emt 0:01:11]} 35. bxa3 {[%emt 0:00:06]} Rb8 {[%emt 0:00:18]} 36. Rc5 {[%emt 0:02:57]} Rb5 {[%emt 0:00:16]} 37. Rfc1 {[%emt 0:01:24]} Kf7 {[%emt 0:00:27]} 38. Kg2 {[%emt 0:00:50]} Re8 {[%emt 0:01:15]} 39. Kf2 {[%emt 0:01:42]} Reb8 {[%emt 0:02:33]} 40. Ne2 {[%emt 0:00:30]} Rb2 {[%emt 0:03:52]} 41. R1c2 {[%emt 0:00:51]} Rxc2 {[%emt 0:01:56]} 42. Rxc2 {[%emt 0:00:07]} Rb3 {[%emt 0:00:10]} 43. Rc3 {[%emt 0:01:38]} Rb2 {[%emt 0:00:21]} 44. Rc5 {[%emt 0:05:10]} Ke7 {[%emt 0:01:06]} 45. Ke3 {[%emt 0:01:08]} Kd6 {[%emt 0:01:27]} 46. Nc3 {[%emt 0:00:49]} Rb3 {[%emt 0:00:11]} 47. a4 {[%emt 0:01:25]} Be8 {[%emt 0:00:53]} 48. Kd2 {[%emt 0:00:30]} e3+ {[%emt 0:01:16]} 49. Kxe3 {[%emt 0:00:22]} Bf7 {[%emt 0:00:08]} 50. Kd2 {[%emt 0:00:38]} Bd5 {[%emt 0:00:23]} 51. Kc2 {[%emt 0:00:26]} Rb4 {[%emt 0:00:19]} 52. Rxa5 {[%emt 0:01:11]} Bg2 {[%emt 0:01:22]} 53. f6 {[%emt 0:02:28]} Rxd4 {[%emt 0:00:35]} 54. Rxg5 {[%emt 0:00:56]} Rf4 {[%emt 0:01:50]} 55. Rh5 {[%emt 0:00:30]} Bxh3 {[%emt 0:00:26]} 56. Rxh4 {[%emt 0:00:10]} Bxg4 {[%emt 0:00:35]} 57. Rh6 {[%emt 0:01:02]} Bf5+ {[%emt 0:01:48]} 58. Kb2 {[%emt 0:01:05]} Be6 {[%emt 0:01:10]} 59. a5 {[%emt 0:00:54]} Kc5 {[%emt 0:00:43]} 60. Rh5+ {[%emt 0:01:49]} 1/2-1/2

[Event "Cellavision Cup 2019"]
[Site "Lund"]
[Date "2019.08.03"]
[Round "6.8"]
[White "Frisk, Ellinor"]
[Black "Lindberg, Bengt"]
[Result "0-1"]
[WhiteElo "2264"]
[BlackElo "2384"]
[Annotator "ChessBase"]
[PlyCount "188"]
[EventDate "2019.08.02"]
[EventType "swiss"]
[EventCountry "SWE"]
[SourceTitle "playchess.com"]
[Source "ChessBase"]
[SourceQuality "1"]
[TimeControl "5400+30"]

1. Nf3 {[%emt 0:00:00]} Nf6 {[%emt 0:00:24]} 2. c4 {[%emt 0:00:00]} c5 {[%emt 0:00:35]} 3. d4 {[%emt 0:00:02]} cxd4 {[%emt 0:00:34]} 4. Nxd4 {[%emt 0:00:02]} e6 {[%emt 0:00:58]} 5. g3 {[%emt 0:04:28]} a6 {[%emt 0:03:30]} 6. Bg2 {[%emt 0:00:19]} Qc7 {[%emt 0:00:50]} 7. b3 {[%emt 0:03:43]} Bb4+ {[%emt 0:03:46]} 8. Bd2 {[%emt 0:00:47]} Bc5 {[%emt 0:00:13]} 9. Bc3 {[%emt 0:01:28]} O-O {[%emt 0:04:51]} 10. O-O {[%emt 0:00:05]} Rd8 {[%emt 0:06:41]} 11. Nd2 {[%emt 0:09:47]} d5 {[%emt 0:07:39]} 12. cxd5 {[%emt 0:08:06]} Nxd5 {[%emt 0:01:00]} 13. Bb2 {[%emt 0:00:27]} e5 {[%emt 0:01:21]} 14. Nc2 {[%emt 0:14:03]} Nc6 {[%emt 0:01:51]} 15. a3 {[%emt 0:07:44]} Bg4 {[%emt 0:03:10]} 16. Rc1 {[%emt 0:05:24]} Qe7 {[%emt 0:03:10]} 17. Qe1 {[%emt 0:01:42]} Nd4 {[%emt 0:11:23]} 18. Nxd4 {[%emt 0:02:26]} Bxd4 {[%emt 0:08:24]} 19. Bxd4 {[%emt 0:00:30]} exd4 {[%emt 0:00:04]} 20. Nf3 {[%emt 0:00:29]} d3 {[%emt 0:06:28]} 21. exd3 {[%emt 0:03:14]} Qxa3 {[%emt 0:00:08]} 22. Nd4 {[%emt 0:02:42]} Qd6 {[%emt 0:05:01]} 23. Rc4 {[%emt 0:07:00]} Nb6 {[%emt 0:05:06]} 24. Nb5 {[%emt 0:06:43]} Qg6 {[%emt 0:01:52]} 25. Nc7 {[%emt 0:00:54]} Nxc4 {[%emt 0:04:27]} 26. Nxa8 {[%emt 0:00:02]} Nd6 {[%emt 0:00:28]} 27. Nc7 {[%emt 0:02:36]} Qxd3 {[%emt 0:01:19]} 28. Qe7 {[%emt 0:01:35]} Rd7 {[%emt 0:09:30]} 29. Qg5 {[%emt 0:00:28]} Qf5 {[%emt 0:01:26]} 30. Qxf5 {[%emt 0:03:50]} Bxf5 {[%emt 0:02:13]} 31. Rc1 {[%emt 0:00:11]} Kf8 {[%emt 0:00:20]} 32. Nd5 {[%emt 0:00:53]} Be6 {[%emt 0:01:03]} 33. Kf1 {[%emt 0:02:36]} Rd8 {[%emt 0:02:34]} 34. Ke2 {[%emt 0:05:05]} Nf5 {[%emt 0:00:59]} 35. Nf4 {[%emt 0:03:04]} Bxb3 {[%emt 0:01:51]} 36. Bxb7 {[%emt 0:00:08]} g5 {[%emt 0:00:10]} 37. Nd3 {[%emt 0:00:43]} a5 {[%emt 0:00:59]} 38. Rc5 {[%emt 0:01:31]} Nd4+ {[%emt 0:00:03]} 39. Kd2 {[%emt 0:00:13]} a4 {[%emt 0:00:10]} 40. Ra5 {[%emt 0:01:10]} h6 {[%emt 0:00:50]} 41. Kc3 {[%emt 0:00:38]} Ne2+ {[%emt 0:00:22]} 42. Kd2 {[%emt 0:00:04]} Nc1 {[%emt 0:00:41]} 43. Kxc1 {[%emt 0:00:58]} Rxd3 {[%emt 0:00:05]} 44. h4 {[%emt 0:01:26]} gxh4 {[%emt 0:00:29]} 45. gxh4 {[%emt 0:00:06]} Rd1+ {[%emt 0:00:13]} 46. Kb2 {[%emt 0:00:03]} Rd2+ {[%emt 0:00:07]} 47. Kc3 {[%emt 0:00:48]} Rxf2 {[%emt 0:00:27]} 48. h5 {[%emt 0:01:03]} Rh2 {[%emt 0:00:32]} 49. Kb4 {[%emt 0:00:49]} Kg7 {[%emt 0:00:25]} 50. Bc6 {[%emt 0:00:20]} Bd1 {[%emt 0:00:48]} 51. Ka3 {[%emt 0:00:33]} Rh3+ {[%emt 0:00:27]} 52. Kb2 {[%emt 0:00:14]} Rh2+ {[%emt 0:01:34]} 53. Kc1 {[%emt 0:00:31]} Bb3 {[%emt 0:00:22]} 54. Be8 {[%emt 0:01:31]} Rc2+ {[%emt 0:00:42]} 55. Kb1 {[%emt 0:00:03]} Rc4 {[%emt 0:00:35]} 56. Kb2 {[%emt 0:00:23]} Rg4 {[%emt 0:00:14]} 57. Kc3 {[%emt 0:00:23]} Rg5 {[%emt 0:00:23]} 58. Ra7 {[%emt 0:00:21]} Rxh5 {[%emt 0:00:25]} 59. Bxa4 {[%emt 0:00:09]} Bxa4 {[%emt 0:00:04]} 60. Rxa4 {[%emt 0:00:04]} Rd5 {[%emt 0:00:08]} 61. Ra1 {[%emt 0:01:30]} h5 {[%emt 0:01:01]} 62. Rg1+ {[%emt 0:00:12]} Kh6 {[%emt 0:00:55]} 63. Kc4 {[%emt 0:00:15]} Rd7 {[%emt 0:00:19]} 64. Rh1 {[%emt 0:00:09]} f5 {[%emt 0:00:50]} 65. Rf1 {[%emt 0:00:13]} Kg5 {[%emt 0:00:40]} 66. Rg1+ {[%emt 0:00:04]} Kf6 {[%emt 0:01:51]} 67. Rh1 {[%emt 0:01:34]} Rh7 {[%emt 0:00:05]} 68. Kd3 {[%emt 0:00:29]} h4 {[%emt 0:00:06]} 69. Ke3 {[%emt 0:00:37]} h3 {[%emt 0:00:06]} 70. Rh2 {[%emt 0:00:36]} Kg5 {[%emt 0:00:19]} 71. Kf3 {[%emt 0:00:06]} f4 {[%emt 0:02:07]} 72. Kf2 {[%emt 0:01:25]} Kg4 {[%emt 0:00:06]} 73. Kg1 {[%emt 0:00:20]} Rd7 {[%emt 0:00:59]} 74. Ra2 {[%emt 0:00:15]} Rd1+ {[%emt 0:00:22]} 75. Kh2 {[%emt 0:00:13]} Re1 {[%emt 0:00:30]} 76. Ra8 {[%emt 0:00:47]} Re2+ {[%emt 0:00:19]} 77. Kg1 {[%emt 0:00:21]} Kg3 {[%emt 0:00:59]} 78. Rg8+ {[%emt 0:00:10]} Kf3 {[%emt 0:00:01]} 79. Rf8 {[%emt 0:00:55]} Rg2+ {[%emt 0:00:37]} 80. Kh1 {[%emt 0:00:41]} Ra2 {[%emt 0:00:31]} 81. Kg1 {[%emt 0:00:18]} Ra5 {[%emt 0:00:37]} 82. Rf7 {[%emt 0:00:52]} Rh5 {[%emt 0:00:24]} 83. Kh2 {[%emt 0:00:20]} Ra5 {[%emt 0:00:30]} 84. Kg1 {[%emt 0:00:17]} Ra8 {[%emt 0:00:18]} 85. Rf6 {[%emt 0:00:17]} Re8 {[%emt 0:00:35]} 86. Rf7 {[%emt 0:00:14]} Ke3 {[%emt 0:00:17]} 87. Kf1 {[%emt 0:01:13]} f3 {[%emt 0:00:38]} 88. Ra7 {[%emt 0:02:06]} h2 {[%emt 0:00:33]} 89. Ra3+ {[%emt 0:00:26]} Kf4 {[%emt 0:00:14]} 90. Rxf3+ {[%emt 0:00:11]} Kg4 {[%emt 0:00:43]} 91. Kf2 {[%emt 0:01:04]} Rh8 {[%emt 0:00:51]} 92. Rg3+ {[%emt 0:00:36]} Kf4 {[%emt 0:00:06]} 93. Rf3+ {[%emt 0:00:10]} Ke4 {[%emt 0:00:05]} 94. Re3+ {[%emt 0:00:43]} Kd4 {[%emt 0:00:05]} 0-1

[Event "Cellavision Cup 2019"]
[Site "Lund"]
[Date "2019.08.03"]
[Round "6.9"]
[White "Jakobsen, Peter"]
[Black "Schneider, Stefan"]
[Result "1/2-1/2"]
[WhiteElo "2250"]
[BlackElo "2379"]
[Annotator "NA"]
[PlyCount "88"]
[EventDate "2019.08.02"]
[EventType "swiss"]
[EventCountry "SWE"]
[SourceTitle "playchess.com"]
[Source "ChessBase"]
[SourceQuality "1"]
[TimeControl "5400+30"]

1. d4 {[%emt 0:00:00]} e6 {[%emt 0:02:14]} 2. c4 {[%emt 0:00:00]} Bb4+ {[%emt 0:00:15]} 3. Bd2 {[%emt 0:00:00]} a5 {[%emt 0:00:11]} 4. e4 {[%emt 0:03:22]} d6 {[%emt 0:02:27]} 5. Nf3 {[%emt 0:00:34]} Nc6 {[%emt 0:01:36]} 6. a3 {[%emt 0:06:07]} Bxd2+ {[%emt 0:00:08]} 7. Qxd2 {[%emt 0:00:07]} Nf6 {[%emt 0:01:46]} 8. Nc3 {[%emt 0:00:07]} O-O {[%emt 0:00:47]} 9. Bd3 {[%emt 0:03:27]} e5 {[%emt 0:05:37]} 10. d5 {[%emt 0:00:06]} Ne7 {[%emt 0:05:13]} 11. O-O {[%emt 0:04:27]} Ng6 {[%emt 0:06:25]} 12. Ne2 {[%emt 0:10:28]} a4 {[%emt 0:02:47]} 13. Bc2 {[%emt 0:08:17]} Nd7 {[%emt 0:01:37]} 14. Ne1 {[%emt 0:00:47]} Nc5 {[%emt 0:02:22]} 15. f3 {[%emt 0:00:46]} f5 {[%emt 0:08:11]} 16. Ng3 {[%emt 0:08:53]} Nh4 {[%emt 0:15:01]} 17. Nd3 {[%emt 0:08:10]} Nxd3 {[%emt 0:09:16]} 18. Bxd3 {[%emt 0:00:25]} f4 {[%emt 0:00:18]} 19. Nh1 {[%emt 0:04:18]} Rf6 {[%emt 0:01:34]} 20. Rf2 {[%emt 0:01:45]} Rg6 {[%emt 0:01:54]} 21. Bf1 {[%emt 0:04:46]} Qg5 {[%emt 0:03:18]} 22. Qe2 {[%emt 0:01:08]} Bd7 {[%emt 0:05:09]} 23. Rc1 {[%emt 0:00:23]} b6 {[%emt 0:01:54]} 24. Rc2 {[%emt 0:00:10]} Rf8 {[%emt 0:02:38]} 25. Rd2 {[%emt 0:03:21]} Qh5 {[%emt 0:00:42]} 26. Rd3 {[%emt 0:10:06]} Rg5 {[%emt 0:01:23]} 27. g4 {[%emt 0:02:22]} Qe8 {[%emt 0:10:46]} 28. Bg2 {[%emt 0:01:46]} h5 {[%emt 0:00:38]} 29. h3 {[%emt 0:00:05]} Rf6 {[%emt 0:01:39]} 30. Rf1 {[%emt 0:04:51]} b5 {[%emt 0:04:32]} 31. Nf2 {[%emt 0:01:33]} bxc4 {[%emt 0:00:06]} 32. Rc3 {[%emt 0:00:03]} Bb5 {[%emt 0:00:17]} 33. Rfc1 {[%emt 0:00:35]} Nxg2 {[%emt 0:02:34]} 34. Kxg2 {[%emt 0:00:02]} hxg4 {[%emt 0:00:18]} 35. hxg4 {[%emt 0:00:44]} Rh6 {[%emt 0:00:24]} 36. Nh3 {[%emt 0:07:26]} Rgg6 {[%emt 0:00:06]} 37. Qf2 {[%emt 0:00:30]} Qb8 {[%emt 0:00:46]} 38. Rh1 {[%emt 0:00:47]} Rh8 {[%emt 0:00:45]} 39. Rcc1 {[%emt 0:00:37]} Ba6 {[%emt 0:00:42]} 40. Qc2 {[%emt 0:00:36]} Qb6 {[%emt 0:00:28]} 41. Nf2 {[%emt 0:01:24]} Rxh1 {[%emt 0:00:26]} 42. Rxh1 {[%emt 0:00:08]} Qb5 {[%emt 0:00:51]} 43. Nd1 {[%emt 0:00:21]} Rf6 {[%emt 0:00:13]} 44. Qf2 {[%emt 0:00:52]} Qb8 {[%emt 0:00:30]} 1/2-1/2

[Event "Cellavision Cup 2019"]
[Site "Lund"]
[Date "2019.08.03"]
[Round "6.10"]
[White "Malmstig, Erik"]
[Black "Kring, Stephan"]
[Result "1-0"]
[WhiteElo "2357"]
[BlackElo "2064"]
[Annotator "NA"]
[PlyCount "87"]
[EventDate "2019.08.02"]
[EventType "swiss"]
[EventCountry "SWE"]
[SourceTitle "playchess.com"]
[Source "ChessBase"]
[SourceQuality "1"]
[TimeControl "5400+30"]

1. d4 {[%emt 0:00:00]} f5 {[%emt 0:00:00]} 2. c4 {[%emt 0:00:40]} Nf6 {[%emt 0:00:00]} 3. Nc3 {[%emt 0:00:15]} g6 {[%emt 0:00:13]} 4. g3 {[%emt 0:00:12]} Bg7 {[%emt 0:00:07]} 5. Bg2 {[%emt 0:00:06]} O-O {[%emt 0:00:11]} 6. Nh3 {[%emt 0:00:37]} d6 {[%emt 0:02:46]} 7. d5 {[%emt 0:00:47]} c6 {[%emt 0:06:20]} 8. Nf4 {[%emt 0:02:44]} Qe8 {[%emt 0:01:05]} 9. h4 {[%emt 0:05:26]} Na6 {[%emt 0:19:31]} 10. h5 {[%emt 0:06:36]} e5 {[%emt 0:09:27]} 11. dxc6 {[%emt 0:11:05]} exf4 {[%emt 0:15:04]} 12. cxb7 {[%emt 0:03:55]} Bxb7 {[%emt 0:00:51]} 13. Bxb7 {[%emt 0:00:20]} fxg3 {[%emt 0:02:55]} 14. fxg3 {[%emt 0:01:57]} Nb4 {[%emt 0:04:08]} 15. h6 {[%emt 0:02:52]} Bh8 {[%emt 0:00:22]} 16. a3 {[%emt 0:01:23]} Rb8 {[%emt 0:01:20]} 17. Bf3 {[%emt 0:05:22]} Nc6 {[%emt 0:01:36]} 18. Qxd6 {[%emt 0:05:35]} Ne5 {[%emt 0:05:45]} 19. O-O {[%emt 0:05:43]} Nxc4 {[%emt 0:04:53]} 20. Qd4 {[%emt 0:09:51]} Nb6 {[%emt 0:03:25]} 21. Qh4 {[%emt 0:04:10]} Qe6 {[%emt 0:02:07]} 22. Bg5 {[%emt 0:06:33]} Rbc8 {[%emt 0:05:57]} 23. Rfd1 {[%emt 0:04:23]} Rc4 {[%emt 0:01:24]} 24. Bf4 {[%emt 0:10:16]} Re8 {[%emt 0:05:01]} 25. Rd3 {[%emt 0:01:41]} Ne4 {[%emt 0:00:24]} 26. Nxe4 {[%emt 0:02:59]} fxe4 {[%emt 0:00:14]} 27. Bg4 {[%emt 0:03:04]} Qf6 {[%emt 0:01:01]} 28. Bg5 {[%emt 0:01:59]} Qxb2 {[%emt 0:01:03]} 29. Rdd1 {[%emt 0:00:17]} Qe5 {[%emt 0:00:47]} 30. Rab1 {[%emt 0:01:09]} e3 {[%emt 0:03:31]} 31. Bf4 {[%emt 0:00:33]} Qf6 {[%emt 0:00:20]} 32. Qh3 {[%emt 0:00:16]} Qe7 {[%emt 0:00:57]} 33. Bd6 {[%emt 0:01:32]} Qf7 {[%emt 0:01:25]} 34. Bf3 {[%emt 0:00:29]} Rd4 {[%emt 0:00:28]} 35. Rxd4 {[%emt 0:01:06]} Bxd4 {[%emt 0:00:08]} 36. Rd1 {[%emt 0:00:27]} Qf6 {[%emt 0:00:26]} 37. Bb4 {[%emt 0:00:10]} Qe5 {[%emt 0:00:44]} 38. Qh4 {[%emt 0:01:23]} Bb2 {[%emt 0:01:04]} 39. Rd8 {[%emt 0:00:16]} Kf7 {[%emt 0:00:25]} 40. Kg2 {[%emt 0:00:29]} Qe6 {[%emt 0:01:14]} 41. Qf4+ {[%emt 0:00:32]} Bf6 {[%emt 0:00:22]} 42. Rxe8 {[%emt 0:00:51]} Qxe8 {[%emt 0:00:14]} 43. Qc7+ {[%emt 0:00:24]} Qd7 {[%emt 0:00:07]} 44. Bd5+ {[%emt 0:00:37]} 1-0

[Event "Cellavision Cup 2019"]
[Site "Lund"]
[Date "2019.08.03"]
[Round "6.11"]
[White "Andersson, Lars"]
[Black "Olund, Joar"]
[Result "0-1"]
[WhiteElo "1990"]
[BlackElo "2313"]
[Annotator "NA"]
[PlyCount "106"]
[EventDate "2019.08.02"]
[EventType "swiss"]
[EventCountry "SWE"]
[SourceTitle "playchess.com"]
[Source "ChessBase"]
[SourceQuality "1"]
[TimeControl "5400+30"]

1. d4 {[%emt 0:00:00]} Nf6 {[%emt 0:00:00]} 2. Bf4 {[%emt 0:00:22]} g6 {[%emt 0:00:30]} 3. e3 {[%emt 0:00:14]} Bg7 {[%emt 0:00:11]} 4. Nf3 {[%emt 0:00:12]} d6 {[%emt 0:01:19]} 5. Be2 {[%emt 0:00:22]} O-O {[%emt 0:00:37]} 6. O-O {[%emt 0:00:16]} Nc6 {[%emt 0:01:52]} 7. Nc3 {[%emt 0:07:48]} Nd7 {[%emt 0:06:19]} 8. h3 {[%emt 0:09:39]} e5 {[%emt 0:00:31]} 9. Bg5 {[%emt 0:00:24]} f6 {[%emt 0:03:15]} 10. Bh4 {[%emt 0:00:05]} g5 {[%emt 0:00:25]} 11. Bg3 {[%emt 0:00:06]} f5 {[%emt 0:00:44]} 12. dxe5 {[%emt 0:04:55]} dxe5 {[%emt 0:00:33]} 13. Qd5+ {[%emt 0:23:57]} Kh8 {[%emt 0:01:34]} 14. Rad1 {[%emt 0:04:59]} Qe7 {[%emt 0:08:27]} 15. Rfe1 {[%emt 0:08:49]} Nb6 {[%emt 0:06:32]} 16. Qd2 {[%emt 0:03:48]} Be6 {[%emt 0:05:06]} 17. Qc1 {[%emt 0:01:02]} e4 {[%emt 0:12:33]} 18. Nd2 {[%emt 0:12:18]} Ne5 {[%emt 0:01:26]} 19. Nb3 {[%emt 0:01:27]} c5 {[%emt 0:01:37]} 20. Nb5 {[%emt 0:06:35]} a6 {[%emt 0:09:06]} 21. Na3 {[%emt 0:00:49]} Rac8 {[%emt 0:03:17]} 22. c4 {[%emt 0:02:55]} Rfd8 {[%emt 0:07:39]} 23. Rxd8+ {[%emt 0:02:19]} Rxd8 {[%emt 0:00:17]} 24. Rd1 {[%emt 0:00:45]} Na4 {[%emt 0:08:58]} 25. Rxd8+ {[%emt 0:01:45]} Qxd8 {[%emt 0:00:02]} 26. Nb1 {[%emt 0:03:27]} Nd3 {[%emt 0:09:56]} 27. Bxd3 {[%emt 0:00:20]} Qxd3 {[%emt 0:00:50]} 28. Nc3 {[%emt 0:01:53]} Nxc3 {[%emt 0:01:39]} 29. bxc3 {[%emt 0:00:16]} Bxc4 {[%emt 0:03:31]} 30. Nxc5 {[%emt 0:00:53]} Qxc3 {[%emt 0:00:15]} 31. Qd1 {[%emt 0:01:37]} Qa1 {[%emt 0:00:25]} 32. Qxa1 {[%emt 0:00:19]} Bxa1 {[%emt 0:00:07]} 33. Nxb7 {[%emt 0:01:18]} Bxa2 {[%emt 0:00:43]} 34. Bc7 {[%emt 0:00:21]} Kg8 {[%emt 0:02:33]} 35. Nc5 {[%emt 0:00:21]} Bc4 {[%emt 0:00:10]} 36. g4 {[%emt 0:00:07]} fxg4 {[%emt 0:00:41]} 37. Nxe4 {[%emt 0:00:56]} gxh3 {[%emt 0:01:08]} 38. Nxg5 {[%emt 0:00:12]} Bc3 {[%emt 0:00:19]} 39. Ne4 {[%emt 0:00:14]} Bb4 {[%emt 0:01:17]} 40. Nd6 {[%emt 0:00:38]} Bd5 {[%emt 0:01:06]} 41. Nf5 {[%emt 0:00:16]} Kf7 {[%emt 0:00:43]} 42. e4 {[%emt 0:01:22]} Bxe4 {[%emt 0:00:32]} 43. Nd6+ {[%emt 0:00:02]} Bxd6 {[%emt 0:00:07]} 44. Bxd6 {[%emt 0:00:02]} Ke6 {[%emt 0:00:10]} 45. Ba3 {[%emt 0:00:20]} Kf5 {[%emt 0:01:50]} 46. Kh2 {[%emt 0:00:36]} Kg4 {[%emt 0:00:07]} 47. Bd6 {[%emt 0:00:17]} Bf5 {[%emt 0:00:08]} 48. Kg1 {[%emt 0:00:57]} a5 {[%emt 0:00:12]} 49. Bc5 {[%emt 0:00:28]} Kf3 {[%emt 0:00:18]} 50. Bd4 {[%emt 0:00:36]} a4 {[%emt 0:00:16]} 51. Bc5 {[%emt 0:00:05]} Ke4 {[%emt 0:01:17]} 52. Kh2 {[%emt 0:00:29]} Kd5 {[%emt 0:00:12]} 53. Be7 {[%emt 0:01:31]} Kc4 {[%emt 0:00:06]} 0-1

[Event "Cellavision Cup 2019"]
[Site "Lund"]
[Date "2019.08.03"]
[Round "6.12"]
[White "Cramling, Pia"]
[Black "Bengtsson, Siv"]
[Result "1-0"]
[WhiteElo "2479"]
[BlackElo "2091"]
[Annotator "ChessBase"]
[PlyCount "56"]
[EventDate "2019.08.02"]
[EventType "swiss"]
[EventCountry "SWE"]
[SourceTitle "playchess.com"]
[Source "ChessBase"]
[SourceQuality "1"]
[TimeControl "5400+30"]

1. Nf3 {[%emt 0:02:03]} Nf6 {[%emt 0:00:00]} 2. c4 {[%emt 0:00:14]} g6 {[%emt 0:00:29]} 3. Nc3 {[%emt 0:00:48]} d5 {[%emt 0:01:24]} 4. cxd5 {[%emt 0:00:45]} Nxd5 {[%emt 0:00:13]} 5. Qb3 {[%emt 0:00:12]} c6 {[%emt 0:06:19]} 6. e4 {[%emt 0:03:44]} Nb6 {[%emt 0:03:22]} 7. d4 {[%emt 0:01:08]} Bg7 {[%emt 0:00:32]} 8. Be3 {[%emt 0:06:47]} Be6 {[%emt 0:08:21]} 9. Qc2 {[%emt 0:00:35]} O-O {[%emt 0:02:06]} 10. h4 {[%emt 0:12:07]} N8d7 {[%emt 0:12:56]} 11. h5 {[%emt 0:01:32]} Bg4 {[%emt 0:05:37]} 12. hxg6 {[%emt 0:02:01]} hxg6 {[%emt 0:06:18]} 13. Nh2 {[%emt 0:05:23]} Be6 {[%emt 0:01:41]} 14. O-O-O {[%emt 0:02:50]} f5 {[%emt 0:04:58]} 15. Nf3 {[%emt 0:02:42]} Nf6 {[%emt 0:09:32]} 16. Ne5 {[%emt 0:08:43]} Qe8 {[%emt 0:03:30]} 17. Bd3 {[%emt 0:01:26]} Nfd7 {[%emt 0:03:30]} 18. f4 {[%emt 0:04:39]} Nxe5 {[%emt 0:01:55]} 19. dxe5 {[%emt 0:00:34]} Nc4 {[%emt 0:02:53]} 20. Bxc4 {[%emt 0:00:54]} Bxc4 {[%emt 0:00:06]} 21. exf5 {[%emt 0:00:12]} gxf5 {[%emt 0:01:27]} 22. g4 {[%emt 0:00:32]} e6 {[%emt 0:07:49]} 23. Rdg1 {[%emt 0:03:27]} Bd5 {[%emt 0:02:13]} 24. Rh3 {[%emt 0:04:46]} b5 {[%emt 0:04:54]} 25. Bc5 {[%emt 0:03:31]} Rf7 {[%emt 0:00:27]} 26. Qh2 {[%emt 0:00:40]} Rd7 {[%emt 0:08:03]} 27. gxf5 {[%emt 0:00:31]} Kf7 {[%emt 0:00:31]} 28. Rxg7+ {[%emt 0:01:02]} Kxg7 {[%emt 0:00:01]} 1-0

[Event "Cellavision Cup 2019"]
[Site "Lund"]
[Date "2019.08.03"]
[Round "6.13"]
[White "Smith, Axel"]
[Black "Namini, Armin"]
[Result "1/2-1/2"]
[WhiteElo "2469"]
[BlackElo "2241"]
[Annotator "ChessBase"]
[PlyCount "53"]
[EventDate "2019.08.02"]
[EventType "swiss"]
[EventCountry "SWE"]
[SourceTitle "playchess.com"]
[Source "ChessBase"]
[SourceQuality "1"]
[TimeControl "5400+30"]

1. c4 {[%emt 0:00:00]} Nf6 {[%emt 0:00:02]} 2. Nc3 {[%emt 0:00:00]} c6 {[%emt 0:02:05]} 3. e4 {[%emt 0:00:24]} d5 {[%emt 0:00:07]} 4. e5 {[%emt 0:02:21]} d4 {[%emt 0:00:19]} 5. exf6 {[%emt 0:01:13]} dxc3 {[%emt 0:00:07]} 6. bxc3 {[%emt 0:00:55]} exf6 {[%emt 0:00:40]} 7. d4 {[%emt 0:02:23]} c5 {[%emt 0:02:55]} 8. Nf3 {[%emt 0:04:36]} Be7 {[%emt 0:03:45]} 9. Be2 {[%emt 0:03:55]} O-O {[%emt 0:00:49]} 10. O-O {[%emt 0:00:07]} Qc7 {[%emt 0:07:41]} 11. Be3 {[%emt 0:01:42]} Rd8 {[%emt 0:00:53]} 12. Qc2 {[%emt 0:04:07]} Nc6 {[%emt 0:05:18]} 13. Rfd1 {[%emt 0:03:26]} b6 {[%emt 0:03:42]} 14. h3 {[%emt 0:07:12]} Na5 {[%emt 0:04:30]} 15. Nd2 {[%emt 0:02:46]} Ba6 {[%emt 0:09:44]} 16. d5 {[%emt 0:01:48]} g6 {[%emt 0:04:39]} 17. g4 {[%emt 0:14:37]} Kg7 {[%emt 0:06:13]} 18. Qe4 {[%emt 0:02:05]} Bd6 {[%emt 0:02:34]} 19. Rac1 {[%emt 0:04:52]} h5 {[%emt 0:04:08]} 20. gxh5 {[%emt 0:19:35]} f5 {[%emt 0:00:26]} 21. Qh4 {[%emt 0:01:04]} f4 {[%emt 0:03:03]} 22. Ne4 {[%emt 0:00:27]} fxe3 {[%emt 0:03:08]} 23. Qf6+ {[%emt 0:00:02]} Kg8 {[%emt 0:03:42]} 24. hxg6 {[%emt 0:00:38]} Qe7 {[%emt 0:08:42]} 25. gxf7+ {[%emt 0:09:33]} Qxf7 {[%emt 0:00:02]} 26. Qh4 {[%emt 0:00:18]} Be7 {[%emt 0:12:03]} 27. Qg3+ {[%emt 0:00:02]} 1/2-1/2